Paroles - Belle - Notre Dame de Paris - Statistiques

Statistiques générales
  • Ce quiz a été pris 663 fois
  • Le résultat moyen est 241 sur 292
Statistiques - réponses
Réponse % Correct
Belle
100%
ce
99%
elle
98%
Elle
98%
un
98%
Un
98%
pour
97%
Pour
97%
de
96%
le
96%
à
95%
A
95%
a
95%
inventé
95%
la
95%
La
95%
me
95%
Ô
95%
C'est
94%
dans
94%
en
93%
mot
93%
qui
93%
Qui
93%
qu'on
93%
Qu'on
93%
et
92%
mes
92%
dirait
91%
les
91%
d'Esméralda
90%
d'Esmeralda
90%
Est
90%
foi
90%
je
90%
Je
90%
rien
90%
ses
90%
sous
90%
Sous
90%
cheveux
89%
Dame
88%
doigts
88%
fois
88%
Notre
88%
qu'une
88%
sa
88%
yeux
88%
gitane
87%
ne
87%
robe
87%
encore
86%
pas
86%
son
86%
celui
85%
Glisser
85%
Lucifer
85%
Ma
85%
Quel
85%
quoi
85%
lui
84%
oiseau
84%
pierre
84%
Quand
84%
sert
84%
sur
84%
ailes
83%
J'ai
83%
jettera
83%
laisse-moi
83%
moi
83%
posé
83%
première
83%
prier
83%
s'envoler
83%
d'être
82%
du
82%
mérite
82%
terre
82%
Celui-là
81%
tel
81%
pieds
80%
porte
80%
qu'elle
80%
corps
79%
désir
79%
oh
79%
Oh
79%
ciel
78%
étend
78%
met
78%
Alors
77%
danse
77%
jour
77%
originel
77%
sens
77%
s'ouvrir
77%
mon
76%
une
76%
charnel
75%
être
75%
l'enfer
75%
regard
75%
criminel
74%
éternel
74%
jardin
74%
vous
74%
Dieu
73%
vers
73%
désirer
72%
diable
72%
fait-il
72%
détourner
71%
fille
71%
mis
71%
s'est
71%
infidèle
70%
joie
70%
dulcinée
69%
Celle
68%
incarné
68%
m'empêcher
68%
pucelle
68%
regarder
68%
genre
67%
homme
67%
humain
67%
couleurs
66%
demoiselle
66%
Est-ce
66%
l'arc
66%
pousser
66%
prenait
66%
aux
65%
jupon
65%
laissez-moi
65%
serait-elle
65%
changé
64%
fleur
64%
grands
64%
noirs
64%
peine
64%
suis
64%
voir
64%
d'elle
63%
ensorcellent
63%
jusqu'à
63%
sel
63%
Avant
62%
pêcher
62%
font
61%
l'autel
61%
lys
61%
merveilles
61%
porter
61%
soudain
61%
avoir
60%
croix
60%
Semble
60%
cueillir
59%
mené
59%
monts
59%
d'amour
58%
Esméralda
58%
J'irai
58%
mouvements
54%
détournerait
53%
Malgré
51%
l'homme
49%
statut
43%
Aucun quiz correspondant
Distribution des résultats
% des personnes avec chaque résultat
Percentile par nombre de réponses
Votre historique - résultats
Vous n’avez pas pris ce quiz